[Event "Hoorn Oscar Romero op"]
[Site "Hoorn"]
[Date "2022.08.26"]
[Round "1"]
[White "Monteban, Martijn"]
[Black "Schleipfenbauer, Bent"]
[Result "1-0"]
[WhiteElo "2334"]
[BlackElo "1983"]
[PlyCount "117"]
[EventDate "2022.08.26"]
[EventType "swiss"]
[EventRounds "6"]
[EventCountry "NED"]
[SourceTitle "EXT 2023"]
[Source "ChessBase"]
[SourceDate "2022.10.05"]
[SourceVersion "1"]
[SourceVersionDate "2022.10.05"]
[SourceQuality "1"]

1. Nf3 d5 2. g3 Nf6 3. Bg2 c6 4. 0-0 Nbd7 5. d4 e6 6. b3 Be7 7. Bb2 0-0 8. Nbd2 b6 9. c4 Ne4 10. Nxe4 dxe4 11. Ne5 Nxe5 12. dxe5 e3 13. Bxc6 exf2+ 14. Rxf2 Rb8 15. e3 Qc7 16. Qf3 Bb7 17. Bxb7 Qxb7 18. Qxb7 Rxb7 19. Rd2 Rd8 20. Rxd8+ Bxd8 21. Rd1 Be7 22. Kf2 Kf8 23. Ke2 Ke8 24. Bd4 Rd7 25. Kd3 Bb4 26. Kc2 Kd8 27. Rf1 Kc7 28. a3 Bf8 29. Kc3 Kc6 30. b4 a6 31. Kb3 g6 32. a4 a5 33. b5+ Kb7 34. g4 Bh6 35. Kc3 Bg5 36. Kd3 Bh6 37. Rf3 Bf8 38. Kc3 Bb4+ 39. Kc2 Rc7 40. Kd3 Rd7 41. g5 Bf8 42. Rh3 Be7 43. Rxh7 Bxg5 44. h4 Bd8 45. h5 gxh5 46. Rxh5 Be7 47. Rh2 Bb4 48. Ke4 Rc7 49. Rc2 Be7 50. Kf4 Rd7 51. Kg4 Rd8 52. Rf2 Rg8+ 53. Kf3 Rc8 54. Ke4 Rxc4 55. Rxf7 Rc7 56. Rg7 Ba3 57. Rg6 Re7 58. Kf4 Kc7 59. Kg5 1-0

[Event "Groningen op-B 55th"]
[Site "Groningen"]
[Date "2017.12.23"]
[Round "3"]
[White "Schleipfenbauer, Bent"]
[Black "Martinez, Anna"]
[Result "1/2-1/2"]
[WhiteElo "1968"]
[BlackElo "1793"]
[PlyCount "47"]
[EventDate "2017.12.22"]
[EventType "swiss"]
[EventRounds "9"]
[EventCountry "NED"]
[SourceTitle "CBM 182 Extra"]
[Source "ChessBase"]
[SourceDate "2018.02.23"]
[SourceVersion "1"]
[SourceVersionDate "2018.02.23"]
[SourceQuality "1"]

1. e4 c5 2. Nc3 Nc6 3. f4 g6 4. Nf3 Bg7 5. Bb5 e6 6. 0-0 Nge7 7. d3 0-0 8. Bxc6 Nxc6 9. e5 d6 10. exd6 Qxd6 11. Ne4 Qe7 12. Rb1 b6 13. Qe1 Bb7 14. Qg3 Nd4 15. Nxd4 cxd4 16. Bd2 Rac8 17. Rbc1 Rfe8 18. Ng5 Rc7 19. f5 exf5 20. Rfe1 Qd7 21. Re2 h6 22. Nh3 Rcc8 23. Qh4 g5 24. Nxg5 1/2-1/2

[Event "Maastricht Limburg op-B 9th"]
[Site "Maastricht"]
[Date "2015.05.24"]
[Round "4"]
[White "Schleipfenbauer, Bent"]
[Black "Kuijpers, Domien"]
[Result "0-1"]
[WhiteElo "2030"]
[BlackElo "1830"]
[PlyCount "80"]
[EventDate "2015.05.22"]
[EventType "swiss"]
[EventRounds "7"]
[EventCountry "NED"]
[SourceTitle "EXT 2016"]
[Source "ChessBase"]
[SourceDate "2015.10.08"]
[SourceVersion "1"]
[SourceVersionDate "2015.10.08"]
[SourceQuality "1"]

1. c4 e6 2. Nc3 d5 3. cxd5 exd5 4. d4 Nf6 5. g3 c6 6. Bg2 Be7 7. Nf3 0-0 8. 0-0 Re8 9. Qc2 Bg4 10. e3 Nbd7 11. a3 Rc8 12. b3 Bh5 13. Bb2 Bg6 14. Qe2 Ne4 15. Rac1 a6 16. Ne1 Bd6 17. Nd3 Qe7 18. b4 Nb6 19. Nc5 Nxc3 20. Rxc3 Rb8 21. Rfc1 Nd7 22. h4 Nf6 23. Bh3 h5 24. Bg2 Bf5 25. a4 g6 26. b5 axb5 27. axb5 Ra8 28. Ba3 b6 29. bxc6 bxc5 30. Bxc5 Rec8 31. Bxd6 Qxd6 32. Qb5 Rc7 33. Rc5 Be6 34. Bf3 Rac8 35. Qb6 Ne4 36. Bxe4 dxe4 37. Qb5 Bg4 38. d5 Qf6 39. Qb4 Qf3 40. Qe1 Bh3 0-1

[Event "Maastricht Limburg op-B 9th"]
[Site "Maastricht"]
[Date "2015.05.22"]
[Round "1"]
[White "Porteman, Eric"]
[Black "Schleipfenbauer, Bent"]
[Result "1/2-1/2"]
[WhiteElo "1923"]
[BlackElo "2030"]
[PlyCount "52"]
[EventDate "2015.05.22"]
[EventType "swiss"]
[EventRounds "7"]
[EventCountry "NED"]
[SourceTitle "EXT 2016"]
[Source "ChessBase"]
[SourceDate "2015.10.08"]
[SourceVersion "1"]
[SourceVersionDate "2015.10.08"]
[SourceQuality "1"]

1. c4 g6 2. Nc3 Nf6 3. g3 Bg7 4. Bg2 0-0 5. Nf3 c5 6. a3 Nc6 7. Rb1 d5 8. cxd5 Nxd5 9. 0-0 Bf5 10. e4 Nxc3 11. bxc3 Bxe4 12. Rxb7 Ne5 13. Nxe5 Bxb7 14. Bxb7 Rb8 15. Nc6 Qc7 16. Nxb8 Qxb7 17. a4 Rxb8 18. Ba3 Qd5 19. Qc2 e6 20. Rb1 Rxb1+ 21. Qxb1 Be5 22. Qb5 Qxd2 23. Qxc5 Qd1+ 24. Kg2 Qd5+ 25. Kg1 Qd1+ 26. Kg2 Qd5+ 1/2-1/2

[Event "NED-ch U20 op"]
[Site "Borne"]
[Date "2013.08.10"]
[Round "9"]
[White "Bakker, Jouke"]
[Black "Schleipfenbauer, Bent"]
[Result "0-1"]
[WhiteElo "1931"]
[BlackElo "1717"]
[PlyCount "50"]
[EventDate "2013.08.05"]
[EventType "swiss"]
[EventRounds "9"]
[EventCountry "NED"]
[SourceTitle "EXT 2015"]
[Source "ChessBase"]
[SourceDate "2014.11.20"]
[SourceVersion "1"]
[SourceVersionDate "2014.11.20"]
[SourceQuality "1"]

1. e4 c5 2. Nf3 Nc6 3. d4 cxd4 4. Nxd4 g6 5. Nc3 Bg7 6. Be3 Nf6 7. f3 0-0 8. Qd2 d5 9. exd5 Nxd5 10. Nxd5 Qxd5 11. Nxc6 Qxc6 12. 0-0-0 Be6 13. Kb1 a5 14. Be2 Qa4 15. a3 Rac8 16. Bb6 Rc3 17. Rc1 Rfc8 18. Rhd1 Rxa3 19. bxa3 Bc3 20. Qxc3 Rxc3 21. Rd8+ Kg7 22. Bd4+ f6 23. Bxc3 Qxa3 24. Bxf6+ Kxf6 25. c4 Bf5+ 0-1

[Event "NED-ch U20 op"]
[Site "Borne"]
[Date "2013.08.09"]
[Round "8"]
[White "Schleipfenbauer, Bent"]
[Black "Dreisler, Tobias"]
[Result "1/2-1/2"]
[WhiteElo "1717"]
[BlackElo "1949"]
[PlyCount "122"]
[EventDate "2013.08.05"]
[EventType "swiss"]
[EventRounds "9"]
[EventCountry "NED"]
[SourceTitle "EXT 2015"]
[Source "ChessBase"]
[SourceDate "2014.11.20"]
[SourceVersion "1"]
[SourceVersionDate "2014.11.20"]
[SourceQuality "1"]

1. e4 c5 2. Nc3 g6 3. f4 Bg7 4. Nf3 Nc6 5. Bb5 Nd4 6. 0-0 a6 7. Bc4 e6 8. a4 Ne7 9. e5 d5 10. exd6 Qxd6 11. d3 0-0 12. Ne4 Qc7 13. c3 Nxf3+ 14. Rxf3 b6 15. Qe1 h5 16. f5 Nxf5 17. Bg5 Bb7 18. Rh3 Qc6 19. Qe2 b5 20. Bb3 c4 21. Bc2 f6 22. Bd2 Rad8 23. d4 Qb6 24. a5 Qa7 25. Ng3 Rfe8 26. Re1 Qa8 27. Bf4 Kf7 28. Ne4 Qa7 29. Nd6+ Nxd6 30. Bxg6+ Kf8 31. Bxd6+ Rxd6 32. Bxe8 Kxe8 33. Qxh5+ Kf8 34. Kh1 Bd5 35. Rhe3 Qf7 36. Qxf7+ Kxf7 37. h4 Bh6 38. R3e2 Bf4 39. Rf1 Bg3 40. h5 Rd8 41. Re3 Bc7 42. Kg1 Rg8 43. Rf2 Bxa5 44. Kh2 Bc7+ 45. Kh3 a5 46. g4 Rg5 47. Re1 Kg7 48. h6+ Kxh6 49. Rxf6+ Kg7 50. Ref1 Bd6 51. Kh4 Rg6 52. Rf7+ Kg8 53. Rd7 Bh2 54. Kh5 Rg7 55. Rd8+ Kh7 56. Rff8 Re7 57. g5 Be4 58. Rh8+ Kg7 59. Rhg8+ Kh7 60. Rh8+ Kg7 61. Rhg8+ Kh7 1/2-1/2

[Event "NED-ch U20 op"]
[Site "Borne"]
[Date "2013.08.06"]
[Round "2"]
[White "Husers, Yannic"]
[Black "Schleipfenbauer, Bent"]
[Result "1/2-1/2"]
[WhiteElo "1299"]
[BlackElo "1717"]
[PlyCount "49"]
[EventDate "2013.08.05"]
[EventType "swiss"]
[EventRounds "9"]
[EventCountry "NED"]
[SourceTitle "EXT 2015"]
[Source "ChessBase"]
[SourceDate "2014.11.20"]
[SourceVersion "1"]
[SourceVersionDate "2014.11.20"]
[SourceQuality "1"]

1. f4 Nf6 2. b3 d6 3. Nf3 Nc6 4. Bb2 Bg4 5. e3 e6 6. a3 Be7 7. Bd3 Qd7 8. Nc3 d5 9. 0-0 0-0-0 10. Qe1 Bxf3 11. Rxf3 e5 12. e4 Bc5+ 13. Kh1 Nd4 14. Rf1 exf4 15. Na4 Ne6 16. e5 Nh5 17. Qh4 g6 18. Nxc5 Nxc5 19. e6 Nxe6 20. Bxh8 Rxh8 21. Be2 Nhg7 22. Qf6 h5 23. Rae1 Re8 24. Bd3 Qd8 25. Qxf7 1/2-1/2

[Event "Maastricht Limburg op-C 6th"]
[Site "Maastricht"]
[Date "2012.05.26"]
[Round "2"]
[White "Warmerdam, Max"]
[Black "Schleipfenbauer, Bent"]
[Result "1-0"]
[WhiteElo "1648"]
[BlackElo "1456"]
[PlyCount "61"]
[EventDate "2012.05.25"]
[EventType "swiss"]
[EventRounds "7"]
[EventCountry "NED"]
[SourceTitle "EXT 2013"]
[Source "ChessBase"]
[SourceDate "2012.11.22"]
[SourceVersion "1"]
[SourceVersionDate "2012.11.22"]
[SourceQuality "1"]

1. e4 c5 2. Nf3 Nc6 3. d4 cxd4 4. Nxd4 g6 5. Nc3 Bg7 6. Be3 Nf6 7. Bc4 0-0 8. Bb3 Na5 9. h3 a6 10. 0-0 d6 11. f4 Nxb3 12. axb3 d5 13. e5 Ne4 14. Nxe4 dxe4 15. c4 f5 16. Qc2 Qc7 17. Rfd1 Rb8 18. b4 b6 19. Qb3 Kh8 20. Rac1 Rd8 21. b5 a5 22. Nc6 Rxd1+ 23. Rxd1 Be6 24. Nxb8 Qxb8 25. Qc3 Kg8 26. Qd4 a4 27. Ra1 Qa8 28. b3 Qa5 29. Qd8+ Kf7 30. Bd2 Qa7 31. Rxa4 1-0